000 00792nam a22002177a 4500
999 _c166013
_d166013
005 20230628113547.0
010 _aB-728454 ENG-137199
020 _a9789352534029
_c725.00
035 _aB-728454 EN-120731
037 _bRK Books
082 _a513
100 _aAggarwal,R.S.
245 _aQuantitative aptitude for competitive examinations /
_cby R. S. Aggarwal
250 _arev.ed
260 _aNew Delhi
_bS. Chand
_c2017
270 _a7361, Ram Nagar
_bNew Delhi
_e110055
300 v _a952p.
_c26cm(pbk)
500 _afor competitive examinations (fully solved)
942 _2ddc
_cEN
_h513
_mAGG